Ce que c'est que la France toute catholique, sous le régne de Louis le Grand / (Record no. 114666)

MARC details
000 -LEADER
campo de control de longitud fija 01023nam a2200265 i 4500
001 - NÚMERO DE CONTROL
campo de control 114666
003 - IDENTIFICADOR DE NÚMERO DE CONTROL
campo de control ES-MaACL
005 - FECHA Y HORA DE LA ÚLTIMA TRANSACCIÓN
campo de control 20250808072354.0
007 - CAMPO FIJO DE DESCRIPCIÓN FÍSICA--INFORMACIÓN GENERAL
campo de control de longitud fija t|
008 - DATOS DE LONGITUD FIJA--INFORMACIÓN GENERAL
campo de control de longitud fija 070319s1973 fr |||| | fre d
080 ## - NÚMERO DE LA CLASIFICACIÓN DECIMAL UNIVERSAL
Número de la Clasificación Decimal Universal 944"17"
100 1# - ENTRADA PRINCIPAL--NOMBRE DE PERSONA
Nombre de persona Bayle, Pierre.
9 (RLIN) 26673
245 10 - MENCIÓN DEL TÍTULO
Título Ce que c'est que la France toute catholique, sous le régne de Louis le Grand /
Mención de responsabilidad, etc. Pierre Bayle ; texte établi, présenté et annoté par Elisabeth Labrousse avec la collaboration d'Helene Himelfarb et Roger Zuber.
260 ## - PUBLICACIÓN, DISTRIBUCIÓN, ETC.
Lugar de publicación, distribución, etc. Paris :
Nombre del editor, distribuidor, etc. J. Vrin,
Fecha de publicación, distribución, etc. 1973.
300 ## - DESCRIPCIÓN FÍSICA
Extensión 140 p. ;
Dimensiones 19 cm.
490 1# - MENCIÓN DE SERIE
Mención de serie Bibliothèque des textes philosophiques
610 17 - PUNTO DE ACCESO ADICIONAL DE MATERIA--NOMBRE DE ENTIDAD CORPORATIVA
Nombre de entidad corporativa o nombre de jurisdicción como elemento de entrada Francia.
Unidad subordinada Edicto de Nantes.
9 (RLIN) 4160
651 #4 - PUNTO DE ACCESO ADICIONAL DE MATERIA--NOMBRE GEOGRÁFICO
Nombre geográfico Francia-
Subdivisión general Historia-
Subdivisión cronológica 1715-1792
9 (RLIN) 8702
700 1# - ENTRADA AGREGADA--NOMBRE PERSONAL
Nombre de persona Labrousse, Elisabeth.
9 (RLIN) 69300
700 1# - ENTRADA AGREGADA--NOMBRE PERSONAL
Nombre de persona Himelfarb, Hélène.
9 (RLIN) 63743
700 1# - ENTRADA AGREGADA--NOMBRE PERSONAL
Nombre de persona Zuber, Roger.
9 (RLIN) 118391
830 0# - PUNTO DE ACCESO ADICIONAL DE SERIE-TÍTULO UNIFORME
Título uniforme Bibliothèque des textes philosophiques
9 (RLIN) 182654
852 ## - LOCALIZACIÓN
Ubicación ES-MaACL
Número de control de estantería E-11635
Nota libre . - Biblioteca Jacinto Martínez Lacalle
Holdings
Estatus retirado Estado de pérdida Estado de daño No para préstamo Biblioteca de origen Biblioteca actual Ubicación en estantería Fecha de adquisición Fuente de adquisición Total de préstamos Signatura topográfica completa Código de barras Visto por última vez Precio de reemplazo Tipo de ítem Koha
        Biblioteca del Ateneo de Madrid Biblioteca del Ateneo de Madrid Depósito 2 17/01/2008     E-11635 1119577 23/02/2023 23/02/2023 Libro impreso